000 00688nam a2200241Ia 4500
005 20240217110931.0
008 131103s9999 xx 000 0 und d
020 _a8176290106
_cRs 280
040 _aLoreto College
041 _aEnglish
082 _a370.954
_bAUR
245 _aSri Aurobindo Ghose,
_b
_cEdited by Verinder Grover
250 _aA biography of his vision and ideas
260 _aNew Delhi
_bDeep and Deep Publications
_c1998
300 _axix,606p
440 _aPolitical Thinkers of Modern India
630 _aEducation
650 _aGhose, Aurobindo
651 _aEducation, India
700 _aGrover, Verinder, ed
850 _aLCLIB
942 _cBK
999 _c12870
_d63349